000
00317nam a2200121Ia 4500
008
220216s9999 xx 000 0 und d
245
0
_a
Synthetic rubber market activities
260
_b
IRSG Rubber Industry Report
_c
2002
300
_a
24-27
650
_a
Market activities
650
_a
Synthetic rubber
942
_c
JS
999
_c
70175
_d
70175